| 000 | 00705nam a2200241 a 4500 | ||
|---|---|---|---|
| 001 | 62792 | ||
| 003 | BD-RjUL | ||
| 005 | 20211209081125.0 | ||
| 008 | 170125s1962 enka 001 0 eng d | ||
| 035 | _a(BD-RjUL)62920 | ||
| 040 |
_aBD-RjUL _beng _cBD-RjUL |
||
| 041 | _aeng | ||
| 082 |
_a741.6 _223 _bLAD 1962 |
||
| 100 | 1 |
_aLamb, Lynton. _9186651 |
|
| 245 | 1 | 0 |
_aDrawing for illustration / _cLynton Lamb |
| 260 |
_aLondon ; New York : _bOxford University Press, _c1962 |
||
| 300 |
_axviii, 211 p. : _bill. ; _c26 cm |
||
| 504 | _aIncludes bibliography and index | ||
| 650 | 0 |
_aIllustration of books _9186652 |
|
| 650 | 0 |
_aPhotomechanical processes _9186653 |
|
| 942 |
_2ddc _cBK |
||
| 999 |
_c62792 _d62792 |
||